| 000 | 00396nam a2200169Ia 4500 | ||
|---|---|---|---|
| 005 | 20250428011939.0 | ||
| 008 | 240331s9999 xx 000 0 und d | ||
| 020 | _a9559572644 | ||
| 082 |
_bRAN _a891 |
||
| 100 | _aRanaweera,E | ||
| 245 | 0 | _aThani nothaniyata | |
| 260 |
_aNugegoda _bSarasavi Books shop _c2003 |
||
| 300 | _a180 p ., | ||
| 650 | _aPoems | ||
| 650 | _aShort Stories | ||
| 942 | _cL | ||
| 999 |
_c4908 _d4908 |
||